Регионална библиотека "Любен Каравелов" - Русе

Histoire romaine depuis la fondation de Rome (Запис номер 390772)

MARC детайли
000 -Лидер
Контролно поле с фиксирана дължина nam a22 a 4500
003 - Код на организацията, давaща контролен номер
Контролно поле BLK
005 - Дата и час на последна редакция
Контролно поле 20201028113735.0
008 - Елементи от данни с фиксирана дължина
fixed length control field 180410b bul|||||r ||||||| ||bul||
010 ## - Наследен системен номер
LC control number KNG00166647000
040 ## - Източник на каталожния запис
Идентификатор на билиотеката - собственик на записа BLK
041 ## - Код за език
Код за езика на текст/звукозапис или на отделно заглавие Френски
-- Латински
Код за езика КДБФ Френски
072 #7 - Код за тематичната категория
Код организация bullib
Код за тематична категория Ц
Текст Редки и ценни
080 ## - УДК
Текстов определител УДК История на Рим (до 476 г. н. е.). Древен Рим
УДК код - определител по УДК 94(37)
УДК - код + определител 94(37)
100 1# - Редна дума - Автор
R(LIN) 26308
Автор Tite-Live
Авторска отговорност първи автор
139 ## - Редно поле
Редна дума Tite-Live
245 10 - Сведения за заглавието
Заглавие Histoire romaine depuis la fondation de Rome
Подзаглавни данни Les auteurs latinss expliques d'apres une methode nouvelle par deux traductions francaises, l'une litterale et juxtalineaire presentant le mot a mot francais et regard des mots latins correspondants, l'autre correcte et precedee du texte latin, avec des arguments et des notes par une societe de professeurs et de latinistes.
Редно поле (дума) Tite-Live; trad. M. Uri.
Том Livres XXI et XXII
257 ## - Страна на издаване
Страна на създаване/издаване Франция
260 ## - Област на издателските данни
Място на издаване, разпространение и проч. Paris
Име на издателя, разпространителя и проч. Libr. Hachette
Година на издаване 1882
9 (RLIN) 215648
300 ## - Физическа характеристика
Размери/Мащаб 18 см
380 ## - Жанр
Жанр История
490 ## - СЕРИИ (Колекции)
9 (RLIN) 435080
Име на серия Колекция Редки и ценни издания
659 ## - Тематичен бюлетин
Тематичен бюлетин Ц
700 ## - Други автори (авторска отговорност)
9 (RLIN) 284
Лично име Uri, M.
Автороска отговорност (Описва отношението между автора и произведението) trad.
760 1# - Описание на основната серия
Страници - том 549 с.
Заглавие Histoire romaine depuis la fondation de Rome
Място на издаване, издател и година Paris
Част - том Livres XXI et XXII
852 ## - Местоположение
Форматна сигнатура Рф 882
Фондова буква Редки и ценни
856 4# - Електронен адрес и достъп
Електронен формат pdf - файл
856 4# - Електронен адрес и достъп
Електронен формат pdf - файл
999 ## - СИСТЕМНИ КОНТРОЛНИ НОМЕРА
Koha biblionumber 390772
Koha biblioitemnumber 390772
942 ## - АРТИКУЛИ
Вид на библиотечния материал Книги
Скрит в OPAC Не
Периодичен библиозапис Да
944 ## - СЪЗДАВАНЕ И РЕДАКЦИЯ на ЗАПИСА
Създаване/Редакция Редакция
Дата на регистрацията/редакция 2020-10-28
Служител, извършил регистрацията/редакцията TD
999 ## - СИСТЕМНИ КОНТРОЛНИ НОМЕРА
Koha biblioitemnumber 390772
999 ## - СИСТЕМНИ КОНТРОЛНИ НОМЕРА
Koha biblioitemnumber 390771
999 ## - СИСТЕМНИ КОНТРОЛНИ НОМЕРА
Koha biblioitemnumber 390771
999 ## - СИСТЕМНИ КОНТРОЛНИ НОМЕРА
Koha biblioitemnumber 390771
999 ## - СИСТЕМНИ КОНТРОЛНИ НОМЕРА
Koha biblioitemnumber 390771
999 ## - СИСТЕМНИ КОНТРОЛНИ НОМЕРА
Koha biblioitemnumber 390771
999 ## - СИСТЕМНИ КОНТРОЛНИ НОМЕРА
Koha biblioitemnumber 159478
Наличности
Код за отписване Код за изгубен артикул Източник на класификационната схема Код за повреда Коз за рестрикции Код за отдаване Артикулен № Име на библиотеката - собственик Име на библиотеката, в която се намира в момента Статус (Текущо местоположение) Дата на вписване в системата Местоположение - отдел Цена в лева Инвентарен номер Систематично азбучна сигнатура Баркод Цена в евро Служебен тип на артикула
  Не е изгубен Universal Decimal Classification Не е повреден само за читалня Специални фондове ( старопечатни, редки и ценни, фонд М. Арнаудов) 804360 Регионална библиотека "Любен Каравелов" Русе Регионална библиотека "Любен Каравелов" Русе Редки и ценни 2020-10-30 Редки и ценни 1.10 13033/58 Рф 882 900000037773 0.56 Книги
Vip Innovations Ltd, Rousse, Bulgaria 2025